| 000 | 00387nam a2200145Ia 4500 | ||
|---|---|---|---|
| 008 | 230917s9999||||xx |||||||||||||| ||und|| | ||
| 040 |
_e76348 _aMAIN |
||
| 041 | _aEnglish | ||
| 082 | _a658.781 G646M | ||
| 100 | _aGopalkrishnan, P | ||
| 245 | 0 | _aMaterials management: An integrated approach | |
| 260 |
_aNew Delhi _bPrentice-Hall of India _c1996 |
||
| 300 | _axii, 267 p. | ||
| 942 | _cBK | ||
| 999 |
_c89875 _d89875 |
||